Statistics for NRL, AFL and BBL teams

Click here to take the quiz!

General Stats

  • This quiz has been taken 371 times
  • The average score is 36 of 42

Answer Stats

Answer% Correct
North Melbourne
97%
Balmain West Tigers
96%
Richmond Tigers
96%
Canterbury Bankstown Bulldogs
95%
Western Bulldogs
95%
Melbourne Storm
94%
Brisbane Lions
93%
Sydney Sixers
93%
Sydney Swans
93%
Brisbane Heat
92%
Adelaide Crows
91%
Geelong Cats
91%
Gold Coast Suns
91%
Sydney Thunder
91%
Melbourne Stars
90%
Adelaide Strikers
89%
Fremantle Dockers
89%
West Coast Eagles
89%
GWS Giants
88%
Penrith Panthers
88%
Perth Scorchers
87%
Brisbane Broncos
86%
Collingwood Magpies
86%
Hobart Hurricanes
86%
Melbourne Renegades
86%
South Sydney Rabbitohs
86%
Essendon Bombers
85%
Carlton Blues
84%
Hawthorn Hawks
84%
Melbourne Demons
83%
Port Adelaide
83%
St Kilda
83%
Parramatta Eels
82%
Sydney Roosters
82%
Gold Coast Titans
80%
North Queensland Cowboys
80%
Cronulla Sharks
77%
Canberra Raiders
76%
Newcastle Knights
76%
New Zealand Warriors
75%
Manly Warringah Sea Eagles
73%
St George Illawarra Dragons
73%

Score Distribution

Percentile by Number Answered

Percent of People with Each Score

Your Score History

You have not taken this quiz